Вып. IV; Практические работы по органической химии

Dettagli Bibliografici
Parent link:Практические работы по органической химии: учебное пособие для университетов/ Ю. К. Юрьев, Р. Я. Левина, Ю. С. Шабаров. Вып. IV.— , 1964-
Lingua:russo
Pubblicazione: 1969
Soggetti:
Natura: MixedMaterials Libro
KOHA link:https://koha.lib.tpu.ru/cgi-bin/koha/opac-detail.pl?biblionumber=180163

MARC

LEADER 00000nam2a2200000 4500
001 180163
005 20231101223527.0
035 |a (RuTPU)RU\TPU\book\195311 
090 |a 180163 
100 |a 20100511d1969 m y0rusy50 ca 
101 0 |a rus 
102 |a RU 
105 |a a j 001zy 
200 0 |a Вып. IV 
210 |d 1969 
215 |a 253 с.  |c ил. 
320 |a Библиогр.: с. 249. 
461 1 |0 (RuTPU)RU\TPU\book\208682  |t Практические работы по органической химии  |o учебное пособие для университетов  |f Ю. К. Юрьев, Р. Я. Левина, Ю. С. Шабаров  |v Вып. IV  |d 1964-  
606 1 |a Органическая химия  |2 stltpush  |3 (RuTPU)RU\TPU\subj\47309  |9 66362 
610 1 |a аминирование 
610 1 |a амины 
610 1 |a синтез 
610 1 |a восстановление 
610 1 |a окисление 
610 1 |a парафиновые углеводороды 
610 1 |a ароматические соединения 
610 1 |a олефины 
610 1 |a спирты 
610 1 |a дегидрирование 
610 1 |a практические работы 
610 1 |a учебные пособия 
675 |a 547(076.5)  |v 3 
801 1 |a RU  |b 63413507  |c 20100511 
801 2 |a RU  |b 63413507  |c 20160701  |g RCR 
942 |c BK